000
00290 a2200121 4500
000
nam a22 7a 4500
005
20260219052354.0
020
_a
9788119989607
100
_a
Rajendra Yadav
_9
1116204
245
_a
Mantra-Viddh
260
_b
Radhakrishna Prakashan
_c
2025
942
_c
TEXL
999
_c
1679962
_d
1679962